000 00296nam a22001337a 4500
008 170601b xxu||||| |||| 00| 0 eng d
020 _a9780130277183
041 _aeng
080 _27TH
_a94(100)
100 _a17
101 _aSHH
245 _aTHE WESTERN HERITAGE
_cKAGAN,D
942 _2udc
_cBK
999 _c15382
_d15382